| 000 | 00498nam a2200181 i 4500 | ||
|---|---|---|---|
| 001 | 85906 | ||
| 003 | ES-MaACL | ||
| 005 | 20230906175332.0 | ||
| 007 | t| | ||
| 008 | 041202s1979 sp ||||1| spa d | ||
| 100 | 1 |
_aKeidel, Wolf D. _967727 |
|
| 245 | 1 | 0 |
_aFisiología / _cdirigido por Wolf D. Keidel. |
| 250 | _a2ª ed. | ||
| 260 |
_aBarcelona : _bSalvat, _c[1979] |
||
| 300 |
_aXVI, 634 p. : _bil. ; _c25 cm. |
||
| 700 | 1 |
_aPi Suñer, Santiago. _991728 |
|
| 852 |
_aES-MaACL _jL-28088 _bR.101086 |
||
| 999 |
_c85906 _d85906 |
||